[Event "WCO2014"]
[Site "Tromso"]
[Date "2014.08.03"]
[Round "2.18"]
[WhiteID "1122320"]
[White "Zawadzka Jolanta"]
[BlackID "320242"]
[Black "Olsarova Karolina"]
[Result "1-0"]
[LiveChessVersion "1.4.3"]
[BlackElo "2237"]
[WhiteElo "2398"]

1. e4 {[%clk 1:30:56]} e5 {[%clk 1:30:53]} 2. Nf3 {[%clk 1:31:18]} Nc6
{[%clk 1:31:14]} 3. Bb5 {[%clk 1:31:35]} a6 {[%clk 1:31:37]} 4. Ba4
{[%clk 1:32:02]} Nf6 {[%clk 1:31:59]} 5. O-O {[%clk 1:32:10]} Nxe4
{[%clk 1:32:16]} 6. d4 {[%clk 1:32:20]} b5 {[%clk 1:32:40]} 7. Bb3
{[%clk 1:32:45]} d5 {[%clk 1:33:04]} 8. dxe5 {[%clk 1:33:03]} Be6
{[%clk 1:33:26]} 9. Nbd2 {[%clk 1:33:11]} Bc5 {[%clk 1:33:44]} 10. Qe2
{[%clk 1:33:04]} Bf5 {[%clk 1:27:57]} 11. Nxe4 {[%clk 1:33:01]} Bxe4
{[%clk 1:22:45]} 12. a4 {[%clk 1:33:21]} Rb8 {[%clk 1:13:40]} 13. axb5
{[%clk 1:32:19]} axb5 {[%clk 1:13:39]} 14. Be3 {[%clk 1:32:23]} Bxe3
{[%clk 1:11:16]} 15. Qxe3 {[%clk 1:32:48]} O-O {[%clk 1:07:27]} 16. Ng5
{[%clk 1:28:04]} Bf5 {[%clk 0:47:54]} 17. Rfd1 {[%clk 1:22:00]} Be6
{[%clk 0:39:48]} 18. f4 {[%clk 1:20:53]} h6 {[%clk 0:34:04]} 19. Nf3
{[%clk 1:18:55]} Ra8 {[%clk 0:27:20]} 20. Qc5 {[%clk 1:16:52]} Qd7
{[%clk 0:20:15]} 21. Rxa8 {[%clk 1:05:39]} Rxa8 {[%clk 0:20:43]} 22. Qxb5
{[%clk 1:05:53]} Nxe5 {[%clk 0:19:59]} 23. Nd4 {[%clk 1:02:12]} Nc4
{[%clk 0:16:52]} 24. f5 {[%clk 0:58:20]} Qxb5 {[%clk 0:10:51]} 25. Nxb5
{[%clk 0:58:42]} Bxf5 {[%clk 0:11:04]} 26. Nxc7 {[%clk 0:58:42]} Ra7
{[%clk 0:10:48]} 27. Nxd5 {[%clk 0:56:56]} Ne5 {[%clk 0:08:16]} 28. Re1
{[%clk 0:53:44]} Nc6 {[%clk 0:07:36]} 29. Re8+ {[%clk 0:52:10]} Kh7
{[%clk 0:08:03]} 30. Ne3 {[%clk 0:51:20]} Bg6 {[%clk 0:06:33]} 31. Kf2
{[%clk 0:45:41]} Nd4 {[%clk 0:05:07]} 32. Rb8 {[%clk 0:44:07]} Nxb3
{[%clk 0:03:49]} 33. Rxb3 {[%clk 0:44:29]} Be4 {[%clk 0:04:14]} 34. c4
{[%clk 0:43:06]} f5 {[%clk 0:03:49]} 35. g3 {[%clk 0:42:14]} g5 {[%clk 0:02:38]}
36. Rb6 {[%clk 0:41:46]} Ra1 {[%clk 0:02:02]} 37. Rd6 {[%clk 0:34:05]} Rb1
{[%clk 0:01:35]} 38. Rd2 {[%clk 0:32:41]} h5 {[%clk 0:01:28]} 39. Nd1
{[%clk 0:32:23]} Bc6 {[%clk 0:00:56]} 40. Nc3 {[%clk 0:31:34]} Rc1
{[%clk 0:00:52]} 41. Ke3 {[%clk 0:30:44]} h4 {[%clk 0:27:23]} 42. Kd4
{[%clk 0:53:35]} f4 {[%clk 0:19:59]} 43. gxh4 {[%clk 0:48:31]} g4
{[%clk 0:19:59]} 44. Nd5 {[%clk 0:48:46]} f3 {[%clk 0:12:57]} 45. Nf6+
{[%clk 0:48:21]} Kg7 {[%clk 0:13:22]} 46. Nxg4 {[%clk 0:48:24]} Re1
{[%clk 0:13:05]} 47. Nf2 {[%clk 0:47:27]} Rb1 {[%clk 0:12:20]} 48. Kc5
{[%clk 0:46:58]} Be8 {[%clk 0:12:37]} 49. b4 {[%clk 0:47:09]} Bg6
{[%clk 0:12:57]} 50. b5 {[%clk 0:44:04]} Re1 {[%clk 0:13:14]} 51. b6
{[%clk 0:42:35]} Re2 {[%clk 0:13:30]} 52. Rd7+ {[%clk 0:42:49]} 1-0

[Event "WCO2014"]
[Site "Tromso"]
[Date "2014.08.03"]
[Round "2.19"]
[WhiteID "307033"]
[White "Sikorova Olga"]
[BlackID "1122681"]
[Black "Szczepkowska-Horowska Karina"]
[Result "1/2-1/2"]
[LiveChessVersion "1.4.3"]
[BlackElo "2380"]
[WhiteElo "2289"]

1. e4 {[%clk 1:30:57]} e5 {[%clk 1:30:51]} 2. Bc4 {[%clk 1:31:13]} Nf6
{[%clk 1:30:42]} 3. d3 {[%clk 1:31:35]} Nc6 {[%clk 1:30:33]} 4. Nc3
{[%clk 1:31:27]} Na5 {[%clk 1:30:23]} 5. Nge2 {[%clk 1:31:29]} c6
{[%clk 1:30:20]} 6. Bg5 {[%clk 1:20:04]} h6 {[%clk 1:23:04]} 7. Bxf6
{[%clk 1:14:36]} Qxf6 {[%clk 1:23:07]} 8. O-O {[%clk 1:13:04]} Be7
{[%clk 1:13:13]} 9. f4 {[%clk 1:03:09]} Nxc4 {[%clk 1:13:00]} 10. dxc4
{[%clk 1:03:28]} exf4 {[%clk 1:10:15]} 11. Rxf4 {[%clk 1:00:55]} Qg5
{[%clk 1:07:32]} 12. Qd3 {[%clk 0:57:06]} d6 {[%clk 1:04:24]} 13. Raf1
{[%clk 0:53:05]} Qc5+ {[%clk 1:02:40]} 14. Kh1 {[%clk 0:52:43]} Be6
{[%clk 1:00:06]} 15. b3 {[%clk 0:52:07]} Bf6 {[%clk 0:53:57]} 16. Na4
{[%clk 0:47:14]} Qe5 {[%clk 0:53:12]} 17. Rd1 {[%clk 0:39:13]} O-O-O
{[%clk 0:51:42]} 18. Nac3 {[%clk 0:36:06]} h5 {[%clk 0:47:25]} 19. Rff1
{[%clk 0:34:30]} h4 {[%clk 0:42:05]} 20. Nd4 {[%clk 0:29:13]} h3 {[%clk 0:39:24]}
21. g3 {[%clk 0:29:30]} Rhe8 {[%clk 0:36:39]} 22. Nxe6 {[%clk 0:21:37]} Rxe6
{[%clk 0:34:27]} 23. Ne2 {[%clk 0:21:26]} Qxe4+ {[%clk 0:28:25]} 24. Qxe4
{[%clk 0:21:42]} Rxe4 {[%clk 0:28:51]} 25. Ng1 {[%clk 0:20:29]} Re5
{[%clk 0:24:23]} 26. Nxh3 {[%clk 0:17:43]} Re2 {[%clk 0:21:42]} 27. Rf2
{[%clk 0:17:12]} Rde8 {[%clk 0:21:20]} 28. Kg2 {[%clk 0:16:52]} Kc7
{[%clk 0:20:21]} 29. a4 {[%clk 0:16:51]} R2e4 {[%clk 0:19:04]} 30. Ng1
{[%clk 0:14:51]} R8e7 {[%clk 0:17:11]} 31. Nf3 {[%clk 0:10:59]} Bc3
{[%clk 0:14:45]} 32. Rd3 {[%clk 0:08:35]} Bb4 {[%clk 0:14:18]} 33. c3
{[%clk 0:05:40]} Bc5 {[%clk 0:14:39]} 34. Nd4 {[%clk 0:05:28]} a5
{[%clk 0:12:17]} 35. h4 {[%clk 0:02:55]} Re1 {[%clk 0:11:01]} 36. Kh3
{[%clk 0:01:36]} f6 {[%clk 0:09:49]} 37. Rff3 {[%clk 0:01:54]} R7e4
{[%clk 0:09:06]} 38. Kg2 {[%clk 0:01:06]} Re8 {[%clk 0:07:10]} 39. Rf1
{[%clk 0:01:00]} R1e4 {[%clk 0:06:24]} 40. Rff3 {[%clk 0:00:42]} Re1
{[%clk 0:04:05]} 41. Rf1 {[%clk 0:29:44]} R1e4 {[%clk 0:30:26]} 42. Rff3
{[%clk 0:28:18]} 1/2-1/2

[Event "WCO2014"]
[Site "Tromso"]
[Date "2014.08.03"]
[Round "2.20"]
[WhiteID "1131044"]
[White "Kulon Klaudia"]
[BlackID "325449"]
[Black "Olsarova Tereza"]
[Result "0-1"]
[LiveChessVersion "1.4.3"]
[BlackElo "2271"]
[WhiteElo "2301"]

1. e4 {[%clk 1:30:57]} e5 {[%clk 1:30:55]} 2. Nf3 {[%clk 1:31:22]} Nc6
{[%clk 1:31:21]} 3. Bc4 {[%clk 1:31:46]} Bc5 {[%clk 1:31:46]} 4. c3
{[%clk 1:32:10]} Nf6 {[%clk 1:32:12]} 5. d4 {[%clk 1:32:14]} exd4
{[%clk 1:32:35]} 6. e5 {[%clk 1:32:16]} d5 {[%clk 1:32:58]} 7. Bb5
{[%clk 1:32:27]} Ne4 {[%clk 1:33:19]} 8. cxd4 {[%clk 1:32:36]} Bb6
{[%clk 1:33:42]} 9. Nc3 {[%clk 1:31:55]} O-O {[%clk 1:33:53]} 10. Be3
{[%clk 1:31:57]} Bg4 {[%clk 1:34:16]} 11. Bxc6 {[%clk 1:31:01]} bxc6
{[%clk 1:34:35]} 12. Qa4 {[%clk 1:31:00]} Qd7 {[%clk 1:08:01]} 13. Qa3
{[%clk 1:28:09]} Qf5 {[%clk 1:05:31]} 14. Ng1 {[%clk 1:15:50]} Bh5
{[%clk 1:01:05]} 15. Nce2 {[%clk 1:11:40]} f6 {[%clk 0:58:24]} 16. exf6
{[%clk 1:07:06]} Rxf6 {[%clk 0:55:26]} 17. Nf4 {[%clk 0:58:56]} Re8
{[%clk 0:51:09]} 18. Nxh5 {[%clk 0:52:23]} Qxh5 {[%clk 0:51:30]} 19. Nf3
{[%clk 0:52:28]} Rxf3 {[%clk 0:49:42]} 20. gxf3 {[%clk 0:52:48]} Qxf3
{[%clk 0:50:05]} 21. Rg1 {[%clk 0:48:33]} Nxf2 {[%clk 0:41:49]} 22. Rg3
{[%clk 0:44:39]} Qf5 {[%clk 0:41:28]} 23. Ke2 {[%clk 0:16:49]} Bxd4
{[%clk 0:38:18]} 24. Rf3 {[%clk 0:12:44]} Qc2+ {[%clk 0:36:13]} 25. Kf1
{[%clk 0:13:11]} Bxb2 {[%clk 0:32:57]} 26. Qxa7 {[%clk 0:13:12]} Ng4
{[%clk 0:32:51]} 27. Rg3 {[%clk 0:11:31]} Rf8+ {[%clk 0:32:46]} 0-1

[Event "WCO2014"]
[Site "Tromso"]
[Date "2014.08.03"]
[Round "2.14"]
[WhiteID "4900839"]
[White "Batchimeg Tuvshintugs"]
[BlackID "639370"]
[Black "Guichard Pauline"]
[Result "0-1"]
[LiveChessVersion "1.4.3"]
[BlackElo "2375"]
[WhiteElo "2346"]

1. d4 {[%clk 1:30:54]} Nf6 {[%clk 1:30:56]} 2. c4 {[%clk 1:31:15]} e6
{[%clk 1:31:15]} 3. Nc3 {[%clk 1:31:33]} Bb4 {[%clk 1:31:31]} 4. Bg5
{[%clk 1:31:34]} c5 {[%clk 1:31:17]} 5. d5 {[%clk 1:32:00]} exd5 {[%clk 1:31:41]}
6. cxd5 d6 7. e3 {[%clk 1:31:59]} Nbd7 {[%clk 1:31:41]} 8. Bb5 {[%clk 1:31:24]}
Bxc3+ {[%clk 1:29:01]} 9. bxc3 {[%clk 1:31:44]} Qa5 {[%clk 1:29:15]} 10. Bxd7+
{[%clk 1:27:53]} Nxd7 {[%clk 1:29:21]} 11. Ne2 {[%clk 1:26:43]} O-O
{[%clk 1:27:47]} 12. Be7 {[%clk 1:19:43]} Re8 {[%clk 1:27:40]} 13. Bxd6
{[%clk 1:18:15]} Nf6 {[%clk 1:27:38]} 14. O-O {[%clk 1:14:08]} Bg4
{[%clk 1:25:49]} 15. f3 {[%clk 0:58:05]} Rad8 {[%clk 1:24:38]} 16. Bf4
{[%clk 0:44:58]} Nxd5 {[%clk 1:16:31]} 17. Qb3 {[%clk 0:42:53]} Be6
{[%clk 1:04:38]} 18. c4 {[%clk 0:38:40]} Nb6 {[%clk 1:01:25]} 19. Bc7
{[%clk 0:37:42]} Bxc4 {[%clk 0:58:08]} 20. Qxc4 {[%clk 0:14:39]} Nxc4
{[%clk 0:58:29]} 21. Bxa5 {[%clk 0:15:05]} Nxa5 {[%clk 0:58:51]} 22. Rfd1
{[%clk 0:15:25]} Nc4 {[%clk 0:50:57]} 23. Kf2 {[%clk 0:12:54]} Nb2
{[%clk 0:41:51]} 24. Rxd8 {[%clk 0:05:59]} Rxd8 {[%clk 0:42:13]} 25. Ke1
{[%clk 0:04:50]} b5 {[%clk 0:35:53]} 26. Rb1 {[%clk 0:04:01]} Nd3+
{[%clk 0:36:18]} 27. Kf1 {[%clk 0:04:26]} b4 {[%clk 0:36:30]} 28. Rd1
{[%clk 0:04:36]} a5 {[%clk 0:34:40]} 29. Nf4 {[%clk 0:01:47]} c4 {[%clk 0:35:02]}
30. e4 {[%clk 0:00:41]} Kf8 {[%clk 0:33:21]} 31. g3 {[%clk 0:00:31]} g5
{[%clk 0:31:19]} 32. Ne2 {[%clk 0:00:32]} Ke7 {[%clk 0:29:41]} 33. Nc1
{[%clk 0:00:44]} Nxc1 {[%clk 0:29:00]} 34. Rxc1 {[%clk 0:01:13]} b3
{[%clk 0:28:09]} 35. axb3 {[%clk 0:00:53]} cxb3 {[%clk 0:28:33]} 36. Rb1
{[%clk 0:01:05]} a4 {[%clk 0:28:49]} 37. Ke2 {[%clk 0:01:16]} Rb8
{[%clk 0:28:01]} 0-1

[Event "WCO2014"]
[Site "Tromso"]
[Date "2014.08.03"]
[Round "2.15"]
[WhiteID "2902265"]
[White "Collas Silvia"]
[BlackID "4900260"]
[Black "Bayarmaa Bayarjargal"]
[Result "1-0"]
[LiveChessVersion "1.4.3"]
[BlackElo "2109"]
[WhiteElo "2316"]

1. Nf3 {[%clk 1:30:54]} Nf6 {[%clk 1:30:01]} 2. c4 {[%clk 1:30:57]} g6
{[%clk 1:28:11]} 3. Nc3 {[%clk 1:30:50]} Bg7 {[%clk 1:28:24]} 4. e4
{[%clk 1:30:41]} d6 {[%clk 1:28:17]} 5. d4 {[%clk 1:30:22]} O-O {[%clk 1:27:17]}
6. Be2 {[%clk 1:30:25]} e5 {[%clk 1:22:32]} 7. O-O {[%clk 1:30:22]} Nc6
{[%clk 1:21:18]} 8. d5 {[%clk 1:29:56]} Ne7 {[%clk 1:21:40]} 9. b4
{[%clk 1:26:50]} a5 {[%clk 1:19:12]} 10. Ba3 {[%clk 1:26:23]} Nd7
{[%clk 1:18:41]} 11. bxa5 {[%clk 1:24:38]} Rxa5 {[%clk 1:18:20]} 12. Bb4
{[%clk 1:24:47]} Ra8 {[%clk 1:18:30]} 13. a4 {[%clk 1:23:48]} f5 {[%clk 1:05:43]}
14. a5 {[%clk 1:00:27]} Kh8 {[%clk 0:59:23]} 15. Nd2 {[%clk 0:56:29]} Ng8
{[%clk 0:55:49]} 16. Nb3 {[%clk 0:54:24]} Qh4 {[%clk 0:40:27]} 17. c5
{[%clk 0:49:45]} dxc5 {[%clk 0:18:24]} 18. Nxc5 {[%clk 0:50:02]} Nxc5
{[%clk 0:17:51]} 19. Bxc5 {[%clk 0:50:26]} Rf7 {[%clk 0:16:58]} 20. Ra4
{[%clk 0:43:17]} f4 {[%clk 0:16:01]} 21. f3 {[%clk 0:42:52]} h5 {[%clk 0:10:41]}
22. Qb3 {[%clk 0:39:17]} Qf6 {[%clk 0:08:04]} 23. Rd1 {[%clk 0:38:28]} h4
{[%clk 0:05:58]} 24. h3 {[%clk 0:32:45]} Qg5 {[%clk 0:06:08]} 25. Kf1
{[%clk 0:30:18]} Rd7 {[%clk 0:03:48]} 26. Bb5 {[%clk 0:28:08]} Rd8
{[%clk 0:03:34]} 27. Ne2 {[%clk 0:27:35]} Qf6 {[%clk 0:01:32]} 28. Ra2
{[%clk 0:26:12]} Nh6 {[%clk 0:01:27]} 29. a6 {[%clk 0:25:07]} b6 {[%clk 0:01:44]}
30. Bf2 {[%clk 0:24:25]} Ra7 {[%clk 0:01:40]} 31. Rda1 {[%clk 0:21:20]} Nf7
{[%clk 0:01:17]} 32. Bc6 {[%clk 0:21:37]} Nd6 {[%clk 0:01:23]} 33. Nc3
{[%clk 0:21:00]} Qe7 {[%clk 0:01:16]} 34. Be1 {[%clk 0:16:31]} g5
{[%clk 0:01:03]} 35. Ne2 {[%clk 0:16:19]} Bd7 {[%clk 0:00:59]} 36. Rc1
{[%clk 0:12:50]} Qf7 {[%clk 0:00:55]} 37. Bxd7 {[%clk 0:11:34]} Qxd7
{[%clk 0:01:11]} 38. Rc6 {[%clk 0:12:01]} Rda8 {[%clk 0:00:58]} 39. Qd3
{[%clk 0:11:55]} Qc8 {[%clk 0:00:57]} 40. Bb4 {[%clk 0:11:43]} Bf8
{[%clk 0:00:41]} 41. Qc3 {[%clk 0:07:52]} Qe8 {[%clk 0:24:18]} 42. Qa1
{[%clk 0:34:44]} Nf7 {[%clk 0:19:48]} 43. Re6 {[%clk 0:23:59]} Qb5
{[%clk 0:13:20]} 44. Bxf8 {[%clk 0:24:21]} Rxf8 {[%clk 0:13:47]} 45. Rxe5
{[%clk 0:24:02]} Nxe5 {[%clk 0:13:45]} 46. Qxe5+ {[%clk 0:24:27]} Kh7
{[%clk 0:13:52]} 47. Qe7+ {[%clk 0:22:55]} Kg6 {[%clk 0:13:35]} 48. Qxf8
{[%clk 0:20:19]} Qb1+ {[%clk 0:13:50]} 49. Kf2 {[%clk 0:20:19]} Qxa2
{[%clk 0:14:07]} 50. Qf5+ {[%clk 0:20:46]} Kh6 {[%clk 0:13:12]} 51. Qf6+
{[%clk 0:20:24]} Kh7 {[%clk 0:12:55]} 52. Qxg5 {[%clk 0:18:43]} Rxa6
{[%clk 0:12:19]} 53. Qxh4+ {[%clk 0:18:56]} Kg6 {[%clk 0:10:24]} 54. Qg4+
{[%clk 0:19:18]} Kh7 {[%clk 0:10:47]} 55. Qf5+ {[%clk 0:19:39]} Kg7
{[%clk 0:11:09]} 56. Qg5+ {[%clk 0:17:21]} Kh7 {[%clk 0:11:25]} 57. Qe7+
{[%clk 0:16:28]} Kg6 {[%clk 0:07:52]} 58. Qe6+ {[%clk 0:16:51]} Kg7
{[%clk 0:07:38]} 59. Qd7+ {[%clk 0:17:08]} Kg6 {[%clk 0:07:37]} 60. Qc6+
{[%clk 0:17:23]} Kh5 {[%clk 0:07:00]} 61. Qxc7 {[%clk 0:16:42]} Qa3
{[%clk 0:03:09]} 62. Nxf4+ {[%clk 0:14:55]} Kh6 {[%clk 0:02:38]} 63. Qc6+
{[%clk 0:14:46]} Kh7 {[%clk 0:02:17]} 64. Qg6+ {[%clk 0:12:55]} Kh8
{[%clk 0:02:41]} 65. Qe8+ {[%clk 0:12:17]} Kg7 {[%clk 0:02:59]} 66. Nh5+
{[%clk 0:12:16]} Kh7 {[%clk 0:02:41]} 67. Qf7+ {[%clk 0:12:38]} Kh6
{[%clk 0:03:05]} 68. Qg7+ {[%clk 0:12:28]} 1-0

[Event "WCO2014"]
[Site "Tromso"]
[Date "2014.08.03"]
[Round "2.16"]
[WhiteID "4901347"]
[White "Lkhamsuren Uuganbayar"]
[BlackID "634581"]
[Black "Congiu Mathilde"]
[Result "0-1"]
[LiveChessVersion "1.4.3"]
[BlackElo "2318"]
[WhiteElo "2125"]

1. d4 {[%clk 1:30:58]} Nf6 {[%clk 1:30:07]} 2. c4 {[%clk 1:31:19]} g6
{[%clk 1:30:12]} 3. Nc3 {[%clk 1:31:35]} Bg7 {[%clk 1:29:56]} 4. e4
{[%clk 1:31:51]} d6 {[%clk 1:29:43]} 5. Nf3 {[%clk 1:32:11]} O-O {[%clk 1:28:22]}
6. Be2 {[%clk 1:32:26]} e5 {[%clk 1:26:32]} 7. O-O {[%clk 1:32:31]} Nc6
{[%clk 1:26:22]} 8. d5 {[%clk 1:32:28]} Ne7 {[%clk 1:26:34]} 9. Nd2
{[%clk 1:32:17]} Nd7 {[%clk 1:22:39]} 10. b4 {[%clk 1:32:15]} f5 {[%clk 1:18:59]}
11. a4 {[%clk 1:30:59]} a5 {[%clk 1:11:03]} 12. Ba3 {[%clk 1:28:52]} axb4
{[%clk 1:04:26]} 13. Bxb4 {[%clk 1:29:13]} b6 {[%clk 0:58:52]} 14. a5
{[%clk 1:24:52]} bxa5 {[%clk 0:58:21]} 15. Bxa5 {[%clk 1:24:08]} Ba6
{[%clk 0:54:55]} 16. Nb3 {[%clk 1:16:36]} Qb8 {[%clk 0:36:34]} 17. Qc2
{[%clk 0:51:55]} Nc8 {[%clk 0:26:41]} 18. Rfb1 {[%clk 0:35:52]} Ncb6
{[%clk 0:26:01]} 19. c5 {[%clk 0:31:31]} Bxe2 {[%clk 0:22:12]} 20. Nxe2
{[%clk 0:26:43]} dxc5 {[%clk 0:21:37]} 21. Nxc5 {[%clk 0:25:50]} Nxc5
{[%clk 0:17:04]} 22. Qxc5 {[%clk 0:26:15]} Rd8 {[%clk 0:15:56]} 23. f3
{[%clk 0:10:21]} Bf8 {[%clk 0:14:32]} 24. Qc3 {[%clk 0:10:37]} Bd6
{[%clk 0:14:23]} 25. Ng3 {[%clk 0:09:56]} f4 {[%clk 0:14:31]} 26. Nf1
{[%clk 0:10:20]} Ra6 {[%clk 0:12:59]} 27. Nd2 {[%clk 0:08:51]} Qa7
{[%clk 0:12:54]} 28. Bxb6 {[%clk 0:07:24]} cxb6 {[%clk 0:13:12]} 29. Kh1
{[%clk 0:07:29]} b5 {[%clk 0:11:31]} 30. Rxa6 {[%clk 0:04:41]} Qxa6
{[%clk 0:11:55]} 31. Qd3 {[%clk 0:05:00]} Rc8 {[%clk 0:09:08]} 32. g3
{[%clk 0:05:15]} fxg3 {[%clk 0:08:57]} 33. hxg3 {[%clk 0:05:41]} Qa2
{[%clk 0:07:35]} 34. Nf1 {[%clk 0:02:28]} b4 {[%clk 0:06:59]} 35. Qb3
{[%clk 0:01:58]} Qf2 {[%clk 0:05:56]} 36. Qe3 {[%clk 0:02:04]} Qxe3
{[%clk 0:04:59]} 37. Nxe3 {[%clk 0:02:33]} Rc3 {[%clk 0:05:15]} 38. Nd1
{[%clk 0:02:21]} Rxf3 {[%clk 0:05:12]} 39. Kg2 {[%clk 0:02:48]} Rd3
{[%clk 0:04:30]} 40. Nf2 {[%clk 0:02:24]} Rd2 {[%clk 0:03:20]} 41. Kf1
{[%clk 0:02:42]} h5 {[%clk 0:01:10]} 42. Rb3 {[%clk 0:26:44]} Ra2
{[%clk 0:29:43]} 43. Rb1 {[%clk 0:23:50]} Ra3 {[%clk 0:27:33]} 44. Kg2
{[%clk 0:23:40]} Kf7 {[%clk 0:25:23]} 45. Rd1 {[%clk 0:19:44]} b3
{[%clk 0:20:32]} 46. Rb1 {[%clk 0:19:07]} Bc5 {[%clk 0:20:05]} 47. Nd3
{[%clk 0:12:27]} Bd4 {[%clk 0:20:13]} 48. Kh3 {[%clk 0:12:21]} Ke7
{[%clk 0:19:26]} 49. Kh4 {[%clk 0:09:27]} b2 {[%clk 0:15:51]} 50. Nxb2
{[%clk 0:09:51]} Rb3 {[%clk 0:14:35]} 51. Rc1 {[%clk 0:09:49]} Rxb2
{[%clk 0:14:27]} 52. Rc6 {[%clk 0:09:45]} Kf7 {[%clk 0:13:13]} 53. Rc7+
{[%clk 0:08:53]} Kf6 {[%clk 0:13:29]} 54. Rc6+ {[%clk 0:09:19]} Kg7
{[%clk 0:13:41]} 55. Rc7+ {[%clk 0:08:51]} Kh6 {[%clk 0:13:58]} 56. g4
{[%clk 0:08:27]} Bf2+ {[%clk 0:12:42]} 57. Kh3 {[%clk 0:08:52]} h4
{[%clk 0:12:50]} 58. d6 {[%clk 0:06:49]} Bg3 {[%clk 0:13:08]} 0-1

[Event "WCO2014"]
[Site "Tromso"]
[Date "2014.08.03"]
[Round "2.9"]
[WhiteID "908550"]
[White "Bojkovic Natasa"]
[BlackID "4404564"]
[Black "Rodriguez Rueda Paula Andrea"]
[Result "1/2-1/2"]
[LiveChessVersion "1.4.3"]
[BlackElo "2368"]
[WhiteElo "2425"]

1. e4 {[%clk 1:30:57]} c5 {[%clk 1:30:41]} 2. Nc3 {[%clk 1:31:20]} e6
{[%clk 1:30:15]} 3. Nf3 {[%clk 1:31:19]} a6 {[%clk 1:28:51]} 4. g3
{[%clk 1:31:34]} b5 {[%clk 1:27:16]} 5. d4 {[%clk 1:29:57]} cxd4 {[%clk 1:27:29]}
6. Nxd4 {[%clk 1:30:22]} Bb7 {[%clk 1:27:35]} 7. Bg2 {[%clk 1:30:41]} Nf6
{[%clk 1:26:02]} 8. O-O {[%clk 1:30:52]} b4 {[%clk 1:22:10]} 9. Na4
{[%clk 1:31:00]} Bxe4 {[%clk 1:18:55]} 10. Bxe4 {[%clk 1:30:39]} Nxe4
{[%clk 1:15:39]} 11. Re1 {[%clk 1:24:45]} Nc5 {[%clk 1:08:25]} 12. c3
{[%clk 1:20:32]} Nc6 {[%clk 0:56:34]} 13. cxb4 {[%clk 0:56:15]} Nxb4
{[%clk 0:54:35]} 14. a3 {[%clk 0:33:56]} Nxa4 {[%clk 0:50:33]} 15. axb4
{[%clk 0:32:23]} Nb6 {[%clk 0:50:55]} 16. Nf5 {[%clk 0:25:54]} f6
{[%clk 0:28:44]} 17. Be3 {[%clk 0:06:33]} g6 {[%clk 0:19:41]} 18. Bc5
{[%clk 0:04:08]} Bxc5 {[%clk 0:19:24]} 19. bxc5 {[%clk 0:04:21]} gxf5
{[%clk 0:19:23]} 20. Qh5+ {[%clk 0:03:25]} Kf8 {[%clk 0:17:53]} 21. cxb6
{[%clk 0:02:58]} Qxb6 {[%clk 0:18:08]} 22. Rad1 {[%clk 0:02:21]} Rd8
{[%clk 0:17:57]} 23. Qh6+ {[%clk 0:01:13]} Kf7 {[%clk 0:18:26]} 24. Rd2
{[%clk 0:00:55]} Qc5 {[%clk 0:14:46]} 25. Red1 {[%clk 0:00:57]} d5
{[%clk 0:14:01]} 26. Re2 {[%clk 0:01:25]} Rde8 {[%clk 0:02:53]} 27. Rc1
{[%clk 0:01:28]} Qf8 {[%clk 0:02:31]} 28. Rc7+ {[%clk 0:00:51]} Re7
{[%clk 0:03:00]} 29. Qh5+ {[%clk 0:01:05]} Kg7 {[%clk 0:03:28]} 30. Rxe7+
{[%clk 0:00:52]} Qxe7 {[%clk 0:03:57]} 31. Qxf5 {[%clk 0:01:11]} Re8
{[%clk 0:03:30]} 32. Qg4+ {[%clk 0:01:20]} Kf8 {[%clk 0:02:17]} 33. Qd4
{[%clk 0:01:05]} Kf7 {[%clk 0:01:02]} 34. Qd3 {[%clk 0:01:27]} f5
{[%clk 0:00:51]} 35. Qxa6 {[%clk 0:01:34]} Qc5 {[%clk 0:01:04]} 36. Qd3
{[%clk 0:00:56]} Rc8 {[%clk 0:01:04]} 37. Qf3 {[%clk 0:01:03]} Qc1+
{[%clk 0:00:41]} 38. Kg2 {[%clk 0:01:31]} Kf6 {[%clk 0:00:51]} 39. Qh5
{[%clk 0:01:27]} h6 {[%clk 0:00:44]} 40. Qh4+ {[%clk 0:01:48]} Kf7
{[%clk 0:00:55]} 41. Qh5+ {[%clk 0:01:18]} Kf6 {[%clk 0:01:14]} 42. Qh4+
{[%clk 0:30:33]} Kf7 {[%clk 0:31:55]} 43. Qh5+ {[%clk 0:23:49]} Kf6
{[%clk 0:32:23]} 44. Re3 {[%clk 0:23:13]} Rh8 {[%clk 0:31:33]} 45. Qh4+
{[%clk 0:22:53]} Kf7 {[%clk 0:31:58]} 46. Qd4 {[%clk 0:15:25]} Rc8
{[%clk 0:31:14]} 47. Qf4 {[%clk 0:11:34]} Rh8 {[%clk 0:24:56]} 48. Qd6
{[%clk 0:09:26]} Re8 {[%clk 0:24:25]} 49. Rc3 {[%clk 0:09:08]} Qg5
{[%clk 0:22:32]} 50. b4 {[%clk 0:07:28]} Re7 {[%clk 0:22:19]} 51. b5
{[%clk 0:07:10]} Qg4 {[%clk 0:22:39]} 52. f3 {[%clk 0:03:18]} Qd4
{[%clk 0:17:53]} 53. Rc7 {[%clk 0:02:10]} Qb2+ {[%clk 0:16:49]} 54. Kh3
{[%clk 0:02:23]} Rxc7 {[%clk 0:17:11]} 55. Qxc7+ {[%clk 0:02:51]} Kf6
{[%clk 0:17:41]} 56. b6 {[%clk 0:02:12]} Qe2 {[%clk 0:17:46]} 57. Qc1
{[%clk 0:00:47]} Qxf3 {[%clk 0:16:35]} 58. b7 {[%clk 0:01:01]} Qg4+
{[%clk 0:16:07]} 59. Kg2 {[%clk 0:01:30]} Qe4+ {[%clk 0:15:59]} 60. Kg1
{[%clk 0:01:01]} Qd4+ {[%clk 0:16:23]} 61. Kg2 {[%clk 0:00:49]} Qe4+
{[%clk 0:16:42]} 62. Kf2 {[%clk 0:00:46]} Qd4+ {[%clk 0:17:02]} 63. Kg2
{[%clk 0:00:46]} Qe4+ {[%clk 0:17:31]} 64. Kf2 {[%clk 0:00:55]} Qd4+
{[%clk 0:18:00]} 65. Ke2 {[%clk 0:01:06]} Qe4+ {[%clk 0:17:29]} 66. Kd2
{[%clk 0:00:53]} Qd4+ {[%clk 0:17:44]} 67. Kc2 {[%clk 0:00:50]} Qc4+
{[%clk 0:11:21]} 68. Kb1 {[%clk 0:00:59]} Qd3+ {[%clk 0:11:46]} 69. Qc2
{[%clk 0:01:12]} Qf1+ {[%clk 0:12:11]} 70. Qc1 {[%clk 0:01:03]} Qd3+
{[%clk 0:12:34]} 71. Qc2 {[%clk 0:01:31]} Qf1+ {[%clk 0:13:03]} 72. Kb2
{[%clk 0:01:25]} Qb5+ {[%clk 0:13:32]} 73. Qb3 {[%clk 0:01:50]} Qe2+
{[%clk 0:13:58]} 74. Kb1 {[%clk 0:00:52]} Qf1+ {[%clk 0:14:07]} 75. Kc2
{[%clk 0:00:48]} Qe2+ {[%clk 0:14:32]} 76. Kc1 {[%clk 0:00:47]} Qe1+
{[%clk 0:14:16]} 77. Kc2 {[%clk 0:00:57]} Qe2+ {[%clk 0:14:45]} 78. Kb1
{[%clk 0:00:49]} Qf1+ {[%clk 0:15:08]} 79. Kb2 {[%clk 0:00:39]} Qe2+
{[%clk 0:15:27]} 1/2-1/2